<?xml version="1.0" encoding="UTF-8"?>
<record
    xmlns:xsi="http://www.w3.org/2001/XMLSchema-instance"
    xsi:schemaLocation="http://www.loc.gov/MARC21/slim http://www.loc.gov/standards/marcxml/schema/MARC21slim.xsd"
    xmlns="http://www.loc.gov/MARC21/slim">

  <leader>     nam a22     7a 4500</leader>
  <datafield tag="999" ind1=" " ind2=" ">
    <subfield code="c">330507</subfield>
    <subfield code="d">330507</subfield>
  </datafield>
  <controlfield tag="003">ASAB</controlfield>
  <controlfield tag="005">20170718134004.0</controlfield>
  <controlfield tag="008">170718b        xxu||||| |||| 00| 0 eng d</controlfield>
  <datafield tag="020" ind1=" " ind2=" ">
    <subfield code="a">1-84076-018-4</subfield>
  </datafield>
  <datafield tag="040" ind1=" " ind2=" ">
    <subfield code="c">ASAB</subfield>
  </datafield>
  <datafield tag="082" ind1=" " ind2=" ">
    <subfield code="a">635.65</subfield>
  </datafield>
  <datafield tag="245" ind1=" " ind2=" ">
    <subfield code="a">Pests, diseases and disorders of peas and beans</subfield>
    <subfield code="b">A colour handbook</subfield>
    <subfield code="c">Anthony J. Biddle, Nigel D. Cattlin.</subfield>
  </datafield>
  <datafield tag="260" ind1=" " ind2=" ">
    <subfield code="a">UK.</subfield>
    <subfield code="b">Manson publishing Ltd.</subfield>
    <subfield code="c">c2007.</subfield>
  </datafield>
  <datafield tag="300" ind1=" " ind2=" ">
    <subfield code="a">128 p.</subfield>
  </datafield>
  <datafield tag="630" ind1=" " ind2=" ">
    <subfield code="a">Pests</subfield>
    <subfield code="9">3379</subfield>
  </datafield>
  <datafield tag="630" ind1=" " ind2=" ">
    <subfield code="a">Diseases of peas</subfield>
    <subfield code="9">3380</subfield>
  </datafield>
  <datafield tag="630" ind1=" " ind2=" ">
    <subfield code="a">diseases of beans</subfield>
    <subfield code="9">3381</subfield>
  </datafield>
  <datafield tag="942" ind1=" " ind2=" ">
    <subfield code="2">ddc</subfield>
    <subfield code="c">BK</subfield>
  </datafield>
  <datafield tag="952" ind1=" " ind2=" ">
    <subfield code="0">0</subfield>
    <subfield code="1">0</subfield>
    <subfield code="2">ddc</subfield>
    <subfield code="4">0</subfield>
    <subfield code="7">0</subfield>
    <subfield code="8">NFIC</subfield>
    <subfield code="a">ASAB</subfield>
    <subfield code="b">ASAB</subfield>
    <subfield code="d">2017-07-18</subfield>
    <subfield code="l">0</subfield>
    <subfield code="o">635.65 BID</subfield>
    <subfield code="p">ASAB2038</subfield>
    <subfield code="r">2017-07-18</subfield>
    <subfield code="w">2017-07-18</subfield>
    <subfield code="y">BK</subfield>
  </datafield>
</record>
